Ahtisaariho zelená Kosovu

Bibliographic Details
Main Author: Grgič, Borut (Author)
Format: Article
Language:Slovak
PhysicalDescription:Fotogr.
ISSN:1335-440X
Subjects:

MARC

LEADER 00000nab a2200000 ar4500
001 vtls008951350
003 SK-MaSNL
005 20260303223341.0
008 070302c20070207xo dr|p|||||||000 b|slo
015 |a SNBRB2007/03  |2 snkbucl 
040 |a SNKBUCL  |b slo  |c SNKBUCL  |e AACR2 
041 0 |a slo 
044 |a xo  |c SK 
080 |a 323  |x (497.115)  |2 2001 
080 |a 321.011.5  |x (497.115)  |2 2001 
100 1 |a Grgič, Borut  |4 aut  |9 1164267 
245 1 0 |a Ahtisaariho zelená Kosovu  |c Borut Grgič 
300 |b Fotogr. 
500 |a Od 15.1.2007 návrat k pôvodnému vročeniu 
600 1 7 |a Ahtisaari, Martti,  |d 1937-2023  |2 snkbucl  |9 184206 
651 7 |a Kosovo  |2 snkbucl  |9 112264 
773 0 |t Sme  |g Roč. 15, č. 31 (7.2.2007), s. 35  |x 1335-440X 
852 |a SNK  |b KIS3GCP 
958 |a RS 
999 |c 2247367  |d 2249297